| 000 | 00499nam a2200181Ia 4500 | ||
|---|---|---|---|
| 005 | 20221215101028.0 | ||
| 008 | 131103s9999 xx 000 0 und d | ||
| 040 | _aLoreto College | ||
| 041 | _aEnglish | ||
| 082 |
_a822.08 _bBRO |
||
| 245 |
_aFour modern verse plays _cIntroduced and edited by E.Martin Browne |
||
| 260 |
_aHarmondsworth _bPenguin Books _c1957 |
||
| 300 | _a269p. | ||
| 650 | _aEnglish drama - Collections | ||
| 700 | _aBrowne, E.Martin; ed. | ||
| 850 | _aLCLIB | ||
| 942 | _cBK | ||
| 999 |
_c21741 _d72220 |
||